[Event "Titled Tue 17th Jun Early"]
[Site "chess.com INT"]
[Date "2025.06.17"]
[Round "11"]
[White "Petersen, Marcel"]
[Black "Carlsson, Ludvig"]
[Result "0-1"]
[WhiteTitle "CM"]
[BlackTitle "IM"]
[WhiteElo "2236"]
[BlackElo "2379"]
[WhiteFideId "12935670"]
[BlackFideId "1727010"]
[EventDate "2025.06.17"]

1. e4 e5 2. Bc4 Nf6 3. Nc3 Bb4 4. d3 d5 5. exd5 Nxd5 6. Ne2 Be6 7. Bb3 O-O 8.
O-O Nc6 9. Ne4 h6 10. c3 Be7 11. d4 exd4 12. Nxd4 Nxd4 13. Qxd4 c6 14. Be3 Nxe3
15. Qxe3 Bxb3 16. axb3 Qb6 17. Qxb6 axb6 18. Rfd1 Rfd8 19. Rxa8 Rxa8 20. g3 f5
21. Rd7 Kf8 22. Nd2 Ra1+ 23. Kg2 Rd1 24. Kf3 Ke8 25. Ke2 Kxd7 26. Kxd1 Ke6 27.
Ke2 b5 28. b4 Kd5 29. Kd3 Bg5 30. Nf3 Bf6 31. h4 g5 32. h5 Bg7 33. Nh2 b6 34. f4
c5 35. bxc5 bxc5 36. Nf3 c4+ 37. Ke3 g4 38. Nh4 Ke6 39. Ng2 Bf6 40. Ne1 Kd5 41.
Nc2 Be7 42. Nd4 Bc5 43. b4 cxb3 44. Kd3 Bxd4 45. cxd4 b4 46. Ke3 b2 47. Kd3
b1=Q+ 48. Ke3 Qb3+ 49. Kf2 Kxd4 50. Kg1 Qc2 51. Kf1 b3 52. Ke1 b2 53. Kf1 b1=Q# 0-1

[Event "Titled Tue 17th Jun Early"]
[Site "chess.com INT"]
[Date "2025.06.17"]
[Round "11"]
[White "Bogdanov, Artyom"]
[Black "Piesik, Piotr"]
[Result "1/2-1/2"]
[WhiteTitle "FM"]
[BlackTitle "IM"]
[WhiteElo "2370"]
[BlackElo "2436"]
[WhiteFideId "13749200"]
[BlackFideId "1136194"]
[EventDate "2025.06.17"]

1. e4 g6 2. c4 Bg7 3. Nf3 d6 4. d4 Nd7 5. Nc3 e5 6. dxe5 dxe5 7. Bg5 Ngf6 8. Be2
O-O 9. h3 c6 10. O-O Qe7 11. Qc2 a5 12. Rad1 Nc5 13. Be3 Nh5 14. Bxc5 Qxc5 15.
Na4 Qe7 16. c5 Be6 17. Bc4 Nf4 18. Bxe6 fxe6 19. Nh2 Qg5 20. g3 Nxh3+ 21. Kh1
Rf7 22. Qd2 Qh5 23. f3 Raf8 24. Nb6 Rxf3 25. Rxf3 Rxf3 26. g4 Qh4 27. Nxf3 Qg3
28. Qg2 Nf2+ 29. Kg1 Qxg2+ 30. Kxg2 Nxd1 31. Nc4 Bf8 32. Kf1 Bxc5 33. Ke2 Nf2
34. Nxa5 Nxg4 35. Nxb7 Ba7 36. Nd8 c5 37. Nc6 Bb6 38. a4 Kf8 39. a5 Bc7 40. a6
Bb6 41. a7 Bxa7 42. Nxa7 Ke7 43. Nc8+ Kd7 44. Nb6+ Kc6 45. Nc4 Kb5 46. Ncxe5 Nf6
47. Ng5 h6 48. Nxe6 Nxe4 49. Nxg6 Kc4 50. Nef4 Kb3 51. Nd3 c4 52. Nde5 Nd6 53.
Nf4 Kxb2 54. Nxc4+ Nxc4 55. Kf3 h5 56. Nxh5 1/2-1/2

[Event "Titled Tue 17th Jun Early"]
[Site "chess.com INT"]
[Date "2025.06.17"]
[Round "11"]
[White "Murawski, Jan"]
[Black "Lazaro Azcutia, Miguel"]
[Result "1-0"]
[WhiteTitle "CM"]
[BlackTitle "CM"]
[WhiteElo "2164"]
[BlackElo "2275"]
[WhiteFideId "21009287"]
[BlackFideId "54538254"]
[EventDate "2025.06.17"]

1. c4 e5 2. Nc3 Nc6 3. Nf3 Nf6 4. e4 Bb4 5. d3 d6 6. a3 Bxc3+ 7. bxc3 h6 8. g3
O-O 9. Bg2 Rb8 10. O-O b5 11. cxb5 Rxb5 12. Qa4 Rb6 13. Be3 Ra6 14. Qc2 d5 15.
Bc5 Re8 16. Nd2 Be6 17. Rfe1 Ra5 18. Bb4 Ra6 19. Bc5 Ra5 20. Bb4 Ra6 21. exd5
Bxd5 22. Ne4 Nd7 23. c4 Nd4 24. Qd1 Bxe4 25. Bxe4 c5 26. Bc3 Nf6 27. Bg2 Qd6 28.
a4 Rb6 29. a5 Rbb8 30. Rc1 Qc7 31. Rb1 Rxb1 32. Qxb1 Rb8 33. Qa2 h5 34. Bxd4
exd4 35. a6 Rb6 36. Bb7 Qd6 37. Qe2 Qe6 38. Qe5 g6 39. Qb8+ Kg7 40. Rxe6 Rxe6
41. Qxa7 h4 42. Kg2 1-0

[Event "Titled Tue 17th Jun Early"]
[Site "chess.com INT"]
[Date "2025.06.17"]
[Round "11"]
[White "Sobek, Jaroslav"]
[Black "Thipsay, Bagyashree Sathe"]
[Result "1-0"]
[WhiteTitle "FM"]
[BlackTitle "WIM"]
[WhiteElo "2195"]
[BlackElo "2075"]
[WhiteFideId "301388"]
[BlackFideId "5001013"]
[EventDate "2025.06.17"]

1. d4 e6 2. c4 f5 3. g3 Nf6 4. Bg2 d5 5. Nd2 c6 6. Nh3 Bd6 7. O-O O-O 8. b3 Nbd7
9. Nf3 Ne4 10. Qc2 a5 11. Nf4 Qe7 12. Nd3 b5 13. Bf4 Ba6 14. Bxd6 Qxd6 15. Nde5
Nxe5 16. Nxe5 bxc4 17. bxc4 c5 18. cxd5 cxd4 19. Nd3 exd5 20. Qb2 Nc3 21. Rfe1
Rab8 22. Qd2 Ne4 23. Qxa5 Bc4 24. Nf4 Nc3 25. Qa7 Rb6 26. Rac1 Re8 27. e3 Ra6
28. Qxd4 Nxa2 29. Rxc4 dxc4 30. Qxc4+ 1-0

[Event "Titled Tue 17th Jun Early"]
[Site "chess.com INT"]
[Date "2025.06.17"]
[Round "11"]
[White "Agarwal, Amaya"]
[Black "Garde, Guillaume"]
[Result "0-1"]
[WhiteTitle "WCM"]
[BlackTitle "CM"]
[WhiteElo "2004"]
[BlackElo "2211"]
[WhiteFideId "48733580"]
[BlackFideId "45138273"]
[EventDate "2025.06.17"]

1. e4 c6 2. d4 d5 3. e5 c5 4. dxc5 e6 5. a3 Bxc5 6. b4 Bb6 7. Qg4 Ne7 8. Bd3
Nbc6 9. Bb2 Ng6 10. Bxg6 hxg6 11. Ne2 Qh4 12. Qf3 Qh5 13. Qxh5 Rxh5 14. f4 g5
15. Ng3 Rh4 16. fxg5 Rg4 17. Nd2 Rxg5 18. Nf3 Rg4 19. b5 Na5 20. Bc3 Bd7 21.
Bxa5 Bxa5+ 22. Kf2 Bxb5 23. a4 Bc6 24. h3 Rxa4 25. Rxa4 Bxa4 26. Ra1 Bb6+ 27.
Kf1 Bc6 28. Ke1 a5 29. Ne2 a4 30. Ned4 Bd7 31. Kd2 a3 32. Kc3 Bc5 33. Nb3 Be7
34. Nfd4 f6 35. exf6 Bxf6 36. g4 e5 37. Nf5 Bxf5 38. gxf5 e4+ 39. Nd4 Ra4 40.
Kb3 Rxd4 41. Rxa3 Rc4 42. Ra8+ Ke7 43. Rb8 Rc3+ 44. Ka4 Rxc2 45. Rxb7+ Kd6 46.
Rb6+ Ke5 47. Rb8 Kxf5 48. Rf8 Ra2+ 49. Kb3 Rb2+ 50. Ka4 e3 51. Re8 e2 52. h4
Bxh4 53. Rxe2 Rxe2 54. Ka3 Rc2 55. Ka4 Rb2 56. Ka5 Ke6 57. Ka6 Kd6 58. Ka7 Kc6
59. Ka8 Kc7 60. Ka7 Ra2# 0-1

[Event "Titled Tue 17th Jun Early"]
[Site "chess.com INT"]
[Date "2025.06.17"]
[Round "11"]
[White "Aranda, Juan Manuel"]
[Black "Barrientos, Ernesto"]
[Result "1-0"]
[WhiteTitle "CM"]
[BlackTitle "CM"]
[WhiteElo "2134"]
[BlackElo "2027"]
[WhiteFideId "160458"]
[BlackFideId "3701247"]
[EventDate "2025.06.17"]

1. Nf3 c5 2. g3 Nc6 3. Bg2 e5 4. e4 g6 5. O-O Bg7 6. d3 Nge7 7. c3 O-O 8. a3 a5
9. a4 d6 10. Na3 h6 11. Nb5 d5 12. Be3 d4 13. cxd4 cxd4 14. Bd2 Be6 15. Nh4 f5
16. exf5 gxf5 17. f4 exf4 18. Bxf4 Nd5 19. Qh5 Nxf4 20. Rxf4 Qg5 21. Qe2 Rae8
22. Nc7 Bd7 23. Nxe8 Rxe8 24. Qf2 Re3 25. Bd5+ Kh7 26. Nxf5 Ne5 27. Nxg7 Kxg7
28. Rf7+ Kg6 29. Rf1 Bg4 30. h4 1-0

[Event "Titled Tue 17th Jun Early"]
[Site "chess.com INT"]
[Date "2025.06.17"]
[Round "11"]
[White "Cherepov, Alexej"]
[Black "Mai, Alexander Oliver"]
[Result "0-1"]
[WhiteTitle "CM"]
[BlackTitle "CM"]
[WhiteElo "2083"]
[BlackElo "2171"]
[WhiteFideId "13503650"]
[BlackFideId "2313391"]
[EventDate "2025.06.17"]

1. d4 Nf6 2. c4 e6 3. g3 c5 4. Nf3 cxd4 5. Nxd4 d5 6. Bg2 e5 7. Nf3 d4 8. O-O
Nc6 9. e3 Be7 10. exd4 exd4 11. Re1 O-O 12. Bf4 Be6 13. Nbd2 Qb6 14. Qb3 Rfe8
15. Qxb6 axb6 16. a3 Rac8 17. Rac1 Nd7 18. b4 h6 19. Ne4 g5 20. Bd2 Nce5 21.
Nxd4 Nd3 22. Nxe6 fxe6 23. Bf1 Nxe1 24. Bxe1 Ne5 25. Be2 Red8 26. f3 Nd3 27. Rd1
Nxe1 28. Rxe1 Kf7 29. Nc3 Bf6 30. Nb5 Rd2 31. Kf1 Rcd8 32. h3 Be5 33. Kf2 Bd4+
34. Kf1 Be3 35. Nc3 Rc2 36. Ne4 Bd2 37. Rd1 Ke7 38. Kf2 Bc1 39. Rxd8 Kxd8 40. a4
Ra2 41. a5 bxa5 42. bxa5 Rxa5 43. Nf6 Bb2 44. Ng8 Bg7 45. h4 Ke8 46. Bd3 Kf7 47.
Bh7 Ra8 48. hxg5 hxg5 49. f4 gxf4 50. gxf4 Rxg8 51. Bxg8+ Kxg8 52. Ke3 Kf7 53.
Ke4 Ke7 54. f5 exf5+ 55. Kxf5 Kd6 56. Ke4 Kc5 57. Kd3 Bd4 0-1

[Event "Titled Tue 17th Jun Early"]
[Site "chess.com INT"]
[Date "2025.06.17"]
[Round "11"]
[White "Weisz, Bryan"]
[Black "Oppezzo, Sebastian"]
[Result "0-1"]
[WhiteElo "2059"]
[BlackElo "2177"]
[WhiteFideId "30934133"]
[BlackFideId "112321"]
[EventDate "2025.06.17"]

1. d4 g6 2. Nf3 Bg7 3. g3 d6 4. Bg2 Nd7 5. O-O e5 6. dxe5 dxe5 7. c4 Ngf6 8. Nc3
O-O 9. b3 Re8 10. Bb2 e4 11. Ng5 e3 12. f4 Ng4 13. Qc2 c6 14. Nce4 Qe7 15. Bxg7
Kxg7 16. h3 Ngf6 17. Qc3 Kg8 18. Rad1 h6 19. Nxf6+ Nxf6 20. Nf3 Ne4 21. Qxe3
Nxg3 22. Qxe7 Rxe7 23. Rd8+ Kg7 24. Re1 Rxe2 25. Rxe2 Nxe2+ 26. Kf2 Nxf4 27. Ne5
Ne6 28. Re8 Nc7 29. Rd8 Kf6 30. Nd3 Bf5 31. Rxa8 Nxa8 32. Nc5 Bc8 33. Ke3 Nc7
34. a4 Ne6 35. Ne4+ Ke7 36. Nc3 Bd7 37. h4 b6 38. b4 c5 39. Nd5+ Kd8 40. b5 Nd4
41. Nf6 Be6 42. Kf4 Bxc4 43. Ke5 Bb3 0-1

[Event "Titled Tue 17th Jun Early"]
[Site "chess.com INT"]
[Date "2025.06.17"]
[Round "11"]
[White "Yelisieiev, Yevhenii"]
[Black "Li, Hui"]
[Result "1-0"]
[WhiteTitle "IM"]
[BlackTitle "CM"]
[WhiteElo "2412"]
[BlackElo "2041"]
[WhiteFideId "14139642"]
[BlackFideId "15400310"]
[EventDate "2025.06.17"]

1. d4 d5 2. Nf3 Nf6 3. c4 e6 4. Nc3 Be7 5. Bg5 O-O 6. e3 h6 7. Bh4 Ne4 8. Bxe7
Qxe7 9. Nxe4 dxe4 10. Nd2 f5 11. Be2 e5 12. d5 a5 13. O-O Na6 14. a3 Bd7 15. Qc2
a4 16. b4 axb3 17. Nxb3 Nc5 18. Nxc5 Qxc5 19. a4 b6 20. g3 Ra5 21. Ra2 Rfa8 22.
Rfa1 Qb4 23. Bd1 Rc5 24. Be2 Rca5 25. Bd1 Rc5 26. Qb2 Qxb2 27. Rxb2 Rxc4 28. d6
Kh8 29. dxc7 Rxc7 30. Rxb6 Ra5 31. Bh5 Rca7 32. Bg6 Ra8 33. Kg2 R5a6 34. Rab1
Rxb6 35. Rxb6 Bxa4 36. Bxf5 Bc2 37. h4 Bd3 38. h5 Kg8 39. Bg6 Kf8 40. Re6 Be2
41. Bxe4 Bxh5 42. Rxe5 Bf7 43. Bxa8 1-0

[Event "Titled Tue 17th Jun Early"]
[Site "chess.com INT"]
[Date "2025.06.17"]
[Round "11"]
[White "Ilinca, Felix-Antonio"]
[Black "Sheehan, Ethan"]
[Result "0-1"]
[WhiteTitle "IM"]
[WhiteElo "2431"]
[BlackElo "2364"]
[WhiteFideId "54764998"]
[BlackFideId "30943965"]
[EventDate "2025.06.17"]

1. d4 d5 2. Nc3 Nf6 3. Bf4 Bd7 4. e3 e6 5. Nf3 c5 6. dxc5 Bxc5 7. Bd3 Nc6 8. O-O
Nh5 9. Bg5 Be7 10. Bxe7 Qxe7 11. e4 dxe4 12. Nxe4 Nf6 13. c3 O-O 14. Qe2 Rad8
15. Rad1 b6 16. Rd2 Bc8 17. Rfd1 Bb7 18. h4 g6 19. Nxf6+ Qxf6 20. h5 Ne7 21. Be4
Rxd2 22. Rxd2 Nd5 23. h6 Qf4 24. c4 Nc3 25. bxc3 Bxe4 26. Nd4 Qxh6 27. Rd1 Qf4
28. Nb5 a6 29. Nd6 Bc6 30. Rd4 Qc1+ 31. Kh2 Qxc3 32. Qe5 Qc2 33. Nxf7 Rxf7 34.
Rd8+ Rf8 35. Qxe6+ Kg7 36. Rxf8 Kxf8 37. Qf6+ Kg8 38. Qxc6 Qxf2 39. Qa8+ Kg7 40.
Qxa6 h5 41. Qb7+ Kh6 42. Qb8 Qh4+ 43. Kg1 Qd4+ 44. Kh2 Qxc4 45. Qh8+ Kg5 46.
Qe5+ Kg4 47. a3 Qf4+ 0-1

[Event "Titled Tue 17th Jun Early"]
[Site "chess.com INT"]
[Date "2025.06.17"]
[Round "11"]
[White "Nazin, Roman"]
[Black "Idani, Pouya"]
[Result "0-1"]
[WhiteTitle "CM"]
[BlackTitle "GM"]
[WhiteElo "2250"]
[BlackElo "2593"]
[WhiteFideId "4137167"]
[BlackFideId "12510130"]
[EventDate "2025.06.17"]

1. d4 Nf6 2. Nf3 c5 3. d5 b5 4. Bg5 g6 5. Bxf6 exf6 6. e4 Qa5+ 7. Qd2 b4 8. Bd3
Bg7 9. O-O d6 10. a3 O-O 11. c3 bxc3 12. Nxc3 Bg4 13. Ne1 Na6 14. Nc2 Bd7 15.
Ne3 Qb6 16. Nc4 Qc7 17. Rae1 Rab8 18. f4 Rfe8 19. f5 Bc8 20. Qf4 Rd8 21. g4 Qe7
22. Re2 Nc7 23. g5 fxg5 24. f6 gxf4 25. fxe7 Rd7 26. e5 dxe5 27. d6 Ne8 28. Nxe5
Rxd6 29. Nxf7 Kxf7 30. Bc4+ Be6 31. Rxe6 Rxe6 32. Re1 Rb6 33. Nb5 Kxe7 34. Rxe6+
Rxe6 35. Bxe6 Kxe6 36. Nc3 Bxc3 0-1

[Event "Titled Tue 17th Jun Early"]
[Site "chess.com INT"]
[Date "2025.06.17"]
[Round "11"]
[White "Tilak, Sharad S"]
[Black "Burmakin, Evgeniy"]
[Result "1-0"]
[WhiteTitle "IM"]
[BlackTitle "FM"]
[WhiteElo "2191"]
[BlackElo "2110"]
[WhiteFideId "5000165"]
[BlackFideId "4163729"]
[EventDate "2025.06.17"]

1. e4 c5 2. Nf3 d6 3. d4 cxd4 4. Nxd4 Nf6 5. Nc3 a6 6. Be2 e5 7. Nb3 Be6 8. f4
Be7 9. O-O O-O 10. Kh1 Bd7 11. Bf3 Bc6 12. g4 h6 13. g5 hxg5 14. fxg5 Nh7 15. h4
Nd7 16. Bg2 a5 17. a4 Nb6 18. Qe2 Rc8 19. Be3 Bd7 20. Bxb6 Qxb6 21. Nd5 Qd8 22.
Nxa5 Bc6 23. Nxc6 bxc6 24. Ne3 Qd7 25. Qf3 Qe6 26. Bh3 Qg6 27. Bxc8 Rxc8 28. Qf5
Rb8 29. Qxg6 fxg6 30. b3 Nf8 31. a5 Ne6 32. a6 Nd4 33. a7 Ra8 34. Ra6 Nb5 35.
Rfa1 c5 36. Nc4 Kf7 37. Nb6 Rxa7 38. Rxa7 Nxa7 39. Rxa7 Ke6 40. Nd5 1-0

[Event "Titled Tue 17th Jun Early"]
[Site "chess.com INT"]
[Date "2025.06.17"]
[Round "11"]
[White "Jasinski, Alexander"]
[Black "Palomo, Franklin Annervys"]
[Result "0-1"]
[BlackTitle "FM"]
[WhiteElo "1989"]
[BlackElo "2243"]
[WhiteFideId "55627994"]
[BlackFideId "3906965"]
[EventDate "2025.06.17"]

1. e4 c5 2. Nf3 e6 3. g3 d6 4. Bg2 Be7 5. O-O Nc6 6. c3 Nf6 7. Qe2 e5 8. Rd1 Qb6
9. Na3 Be6 10. Nc2 Rc8 11. d4 cxd4 12. cxd4 Bg4 13. dxe5 dxe5 14. h3 Bh5 15. Be3
Qa5 16. a3 O-O 17. b4 Qa4 18. Bg5 h6 19. Bxf6 Bxf6 20. b5 Na5 21. Nb4 Nb3 22. g4
Bg6 23. Rab1 Rfe8 24. Nd5 Bg5 25. Nxg5 hxg5 26. Qe3 Nd4 27. Qxg5 Qxa3 28. Ne7+
Qxe7 29. Qe3 Rc3 30. Qe1 Rec8 31. b6 a5 32. Kh1 a4 33. Ra1 a3 34. Qf1 Qc5 35. f4
exf4 36. Qxf4 f6 37. e5 Qxe5 38. Qxe5 fxe5 39. Bxb7 Rb8 40. Bd5+ Kh7 41. b7 Kh6
42. Ra2 Rxh3+ 43. Kg2 Rc3 44. Rda1 Nb5 45. Re1 Nc7 46. Bc6 Rxc6 0-1

[Event "Titled Tue 17th Jun Early"]
[Site "chess.com INT"]
[Date "2025.06.17"]
[Round "11"]
[White "Perry, Patrick"]
[Black "Junior, Liduino F Vasconcelos"]
[Result "1-0"]
[WhiteElo "2296"]
[BlackElo "2047"]
[WhiteFideId "30917727"]
[BlackFideId "2109913"]
[EventDate "2025.06.17"]

1. e4 e6 2. d4 d5 3. Nc3 Nf6 4. e5 Nfd7 5. f4 c5 6. Nf3 Nc6 7. Be3 a6 8. Qd2 Be7
9. Be2 f6 10. O-O O-O 11. Nd1 fxe5 12. fxe5 cxd4 13. Bxd4 Nxd4 14. Nxd4 Nxe5 15.
Ne3 Ng6 16. Bg4 e5 17. Ne6 Bxe6 18. Bxe6+ Kh8 19. Nxd5 Bc5+ 20. Kh1 Qh4 21. Nc3
Rad8 22. Qe1 Bf2 23. Qe4 Rf4 24. Qxb7 Nf8 25. Bh3 Rd6 26. Ne2 Rff6 27. Rad1 Rxd1
28. Rxd1 g5 29. Qc8 Bd4 30. Ng3 Qf4 31. Qg4 Qxg4 32. Bxg4 Rf2 33. c3 Bc5 34. Ne4
Rf4 35. Nxc5 Rxg4 36. h3 Rf4 37. Kg1 Ng6 38. Rd7 e4 39. Ne6 Kg8 40. Nxf4 gxf4
41. Kf2 e3+ 42. Ke2 Ne5 43. Ra7 Nc4 44. b3 Nb2 45. Rxa6 Kf7 46. Ra4 1-0

[Event "Titled Tue 17th Jun Early"]
[Site "chess.com INT"]
[Date "2025.06.17"]
[Round "11"]
[White "Deac, Bogdan-Daniel"]
[Black "Papasimakopoulos, Alexandros"]
[Result "1-0"]
[WhiteTitle "GM"]
[BlackTitle "IM"]
[WhiteElo "2674"]
[BlackElo "2366"]
[WhiteFideId "1226380"]
[BlackFideId "4244125"]
[EventDate "2025.06.17"]

1. d4 d5 2. Nf3 c6 3. c4 e6 4. Qc2 f5 5. Bf4 Nf6 6. e3 Bd6 7. Bd3 Ne4 8. O-O O-O
9. Nc3 Qe7 10. Bxd6 Qxd6 11. Rab1 a5 12. a3 b6 13. b4 axb4 14. axb4 Ra3 15. Ne2
Rf7 16. c5 Qd8 17. Ne5 Rfa7 18. cxb6 Qxb6 19. b5 Ra2 20. bxc6 Qc7 21. Rb2 Rxb2
22. Qxb2 Ba6 23. Bxa6 Rxa6 24. Rc1 h6 25. Qc2 Rb6 26. Nf4 Nxc6 27. Nxc6 Qd6 28.
Ne5 Kh7 29. f3 Nf6 30. Qc5 Qb8 31. Nc6 Qb7 32. Ne5 Ne8 33. h4 Rb1 34. Ned3 Rxc1+
35. Qxc1 Qa6 36. Nc5 Qa2 37. Ncxe6 Nf6 38. Nf8+ Kg8 39. N8g6 Qa8 40. Ne7+ Kh7
41. Nxf5 Qc8 42. Qxc8 1-0

[Event "Titled Tue 17th Jun Early"]
[Site "chess.com INT"]
[Date "2025.06.17"]
[Round "11"]
[White "Mikhailova, Irina"]
[Black "Bozorov, Javohir"]
[Result "1/2-1/2"]
[WhiteTitle "WGM"]
[BlackTitle "FM"]
[WhiteElo "2143"]
[BlackElo "2039"]
[WhiteFideId "4109040"]
[BlackFideId "14216957"]
[EventDate "2025.06.17"]

1. d4 Nf6 2. Nf3 b5 3. g3 Bb7 4. Bg2 e6 5. O-O c5 6. b3 Qb6 7. Be3 Nd5 8. dxc5
Bxc5 9. Bxc5 Qxc5 10. Qd4 Qxd4 11. Nxd4 b4 12. c4 bxc3 13. Nxc3 Nc6 14. Nxd5
exd5 15. Nb5 O-O-O 16. Nd6+ Kb8 17. Nxb7 Kxb7 18. Bxd5 f6 19. Rfd1 Rhe8 20. e3
Kb6 21. Bxc6 dxc6 22. Rac1 h5 23. Kg2 c5 24. Rxd8 Rxd8 25. Rc4 Rd2 26. Ra4 a5
27. h3 Kb5 28. g4 h4 29. Kf3 g5 30. Kg2 Rc2 31. Kf3 Rb2 32. Kg2 Re2 33. Kf3 Rd2
34. Kg2 Rc2 35. Kf3 Rb2 36. Kg2 Re2 37. Kf3 Rc2 38. Kg2 Rb2 39. Kf3 Rd2 1/2-1/2

[Event "Titled Tue 17th Jun Early"]
[Site "chess.com INT"]
[Date "2025.06.17"]
[Round "11"]
[White "Toroptseva, Yevheniia"]
[Black "Zebracki, Tomasz"]
[Result "0-1"]
[WhiteTitle "WFM"]
[BlackTitle "FM"]
[WhiteElo "2104"]
[BlackElo "2230"]
[WhiteFideId "34109374"]
[BlackFideId "1181521"]
[EventDate "2025.06.17"]

1. Nc3 d5 2. e4 dxe4 3. Nxe4 Bf5 4. Ng3 Bg6 5. d4 e6 6. h4 h6 7. Nf3 Nd7 8. c3
Ngf6 9. Bd3 Bxd3 10. Qxd3 Be7 11. Bf4 c5 12. O-O-O O-O 13. Ne4 Qb6 14. g4 Nxg4
15. Rdg1 f5 16. Ned2 Nxf2 17. Qe3 Nxh1 18. Bxh6 Rf7 19. Ng5 cxd4 20. Qf4 e5 21.
Qf1 dxc3 22. Nxf7 Qxb2+ 23. Kd1 c2+ 24. Ke2 Qb5+ 25. Ke3 Bc5+ 26. Kf3 e4+ 27.
Kf4 Qxf1+ 28. Rxf1 Kxf7 29. Bg5 Ba3 0-1

[Event "Titled Tue 17th Jun Early"]
[Site "chess.com INT"]
[Date "2025.06.17"]
[Round "11"]
[White "Dragnev, Valentin"]
[Black "Iskusnyh, Sergei"]
[Result "1-0"]
[WhiteTitle "GM"]
[BlackTitle "GM"]
[WhiteElo "2547"]
[BlackElo "2440"]
[WhiteFideId "1634852"]
[BlackFideId "4120027"]
[EventDate "2025.06.17"]

1. e4 e6 2. d3 c5 3. Nf3 Nc6 4. g3 g6 5. Bg2 Bg7 6. O-O Nge7 7. Re1 O-O 8. c3 e5
9. a3 d6 10. b4 h6 11. Be3 b6 12. Nbd2 Be6 13. b5 Na5 14. d4 exd4 15. cxd4 Nc4
16. Nxc4 Bxc4 17. a4 a6 18. bxa6 Rxa6 19. Qc1 cxd4 20. Qxc4 dxe3 21. Qxa6 exf2+
22. Kxf2 Bxa1 23. Rxa1 Qc7 24. Qd3 Rc8 25. Kg1 Qc5+ 26. Kh1 Nc6 27. Qd2 Ne5 28.
Nxe5 Qxe5 29. Rf1 Ra8 30. Qf2 Ra7 31. Qxb6 Rxa4 32. Qd8+ Kg7 33. Qd7 Ra1 34.
Qxf7+ Kh8 35. Qxg6 Rxf1+ 36. Bxf1 d5 37. Qxh6+ Kg8 38. Qg6+ Kh8 39. Qf5 Qd4 40.
Qh5+ Kg7 41. Qg5+ Kh8 42. Qxd5 Qf2 43. Qh5+ Kg7 44. Qg4+ Kh8 45. Qf4 Qe1 46. h4
Kg7 47. Kh2 1-0

[Event "Titled Tue 17th Jun Early"]
[Site "chess.com INT"]
[Date "2025.06.17"]
[Round "11"]
[White "Odegov, Artem"]
[Black "Medina, VInce Angelo"]
[Result "1/2-1/2"]
[WhiteTitle "FM"]
[WhiteElo "2244"]
[BlackElo "2138"]
[WhiteFideId "34183644"]
[BlackFideId "5205069"]
[EventDate "2025.06.17"]

1. d4 d5 2. c4 e6 3. Nf3 f5 4. Bg5 Nf6 5. Nc3 Be7 6. e3 O-O 7. Bd3 c6 8. h3 Bd7
9. Bf4 Be8 10. g4 Ne4 11. Ne5 Nd7 12. gxf5 exf5 13. cxd5 Nxe5 14. Bxe5 cxd5 15.
Qb3 Bf7 16. Rg1 Bf6 17. Bxf6 Qxf6 18. Rg2 f4 19. O-O-O f3 20. Rh2 Kh8 21. h4 Qd6
22. Rdh1 Rac8 23. h5 a6 24. h6 g5 25. Bxe4 dxe4 26. d5 b5 27. Kb1 b4 28. Nxe4
Qg6 29. Qd3 Rfe8 30. Qd4+ Kg8 31. Ka1 Rxe4 32. Qa7 Bxd5 33. Rd1 Rec4 34. Rhh1
Bf7 35. Qe7 Qxh6 36. Rhg1 Bg6 37. Qe6+ Kh8 38. Qf6+ Qg7 39. Rd8+ Rxd8 40. Qxd8+
Qg8 41. Qf6+ Qg7 42. Qd8+ Qg8 43. Qf6+ Qg7 44. Qd8+ 1/2-1/2

[Event "Titled Tue 17th Jun Early"]
[Site "chess.com INT"]
[Date "2025.06.17"]
[Round "11"]
[White "Kiseleva, Arina"]
[Black "Jakovljevic, Dejan"]
[Result "1-0"]
[WhiteTitle "WCM"]
[BlackTitle "CM"]
[WhiteElo "1994"]
[BlackElo "1956"]
[WhiteFideId "4164989"]
[BlackFideId "949418"]
[EventDate "2025.06.17"]

1. d4 Nf6 2. Nf3 c5 3. e3 d5 4. b3 Nc6 5. Bd3 Bg4 6. Bb2 e6 7. h3 Bh5 8. Nbd2
cxd4 9. exd4 Bd6 10. O-O Rc8 11. a3 O-O 12. Qe2 a6 13. Qe3 Bb8 14. Ne5 Ba7 15.
Nxc6 Rxc6 16. Nf3 Qb6 17. g4 Bg6 18. Bxg6 hxg6 19. a4 Rxc2 20. Ba3 Rfc8 21. Bc5
R8xc5 22. dxc5 Qxc5 23. Qxc5 Bxc5 24. Rac1 Bxf2+ 25. Kg2 Rxc1 26. Rxc1 Be3 27.
Rc8+ Kh7 28. Rc7 b5 29. axb5 axb5 30. Rxf7 d4 31. Ne5 Nd5 32. Kf3 Bd2 33. Rd7
Bc3 34. Rd6 g5 35. Rxe6 Nf4 36. Rd6 Nxh3 37. Ke4 Nf2+ 38. Kf5 b4 39. Rd8 Nh3 40.
Ng6 d3 41. Rh8# 1-0

[Event "Titled Tue 17th Jun Early"]
[Site "chess.com INT"]
[Date "2025.06.17"]
[Round "11"]
[White "Lezcano, Gustavo"]
[Black "Mayaud, Raphael"]
[Result "1/2-1/2"]
[BlackTitle "CM"]
[WhiteElo "2007"]
[BlackElo "2126"]
[WhiteFideId "103306"]
[BlackFideId "627151"]
[EventDate "2025.06.17"]

1. e4 c5 2. Nc3 e6 3. f4 a6 4. Nf3 b5 5. d3 Bb7 6. g3 d5 7. Bg2 d4 8. Ne2 h5 9.
h3 Nd7 10. c3 dxc3 11. bxc3 Ngf6 12. Ng5 Qc7 13. Be3 Be7 14. O-O Rd8 15. Qc2 O-O
16. a4 Ra8 17. axb5 axb5 18. Kh1 Rxa1 19. Rxa1 Ra8 20. Rxa8+ Bxa8 21. Qa2 Bc6
22. Nxe6 fxe6 23. Qxe6+ Kf8 24. e5 Bxg2+ 25. Kxg2 Ne8 26. Qf5+ Kg8 27. Qxh5 Qd8
28. Ng1 Nf8 29. d4 cxd4 30. Bxd4 b4 31. f5 b3 32. f6 Nxf6 33. exf6 Bxf6 34. Qd1
Bxd4 35. Qxb3+ Kh8 36. cxd4 Qxd4 37. Qf7 Qe4+ 38. Kh2 Ng6 39. h4 Ne5 40. Qe8+
Kh7 41. Qh5+ Kg8 42. Qe8+ Kh7 43. Qh5+ Kg8 44. Qe8+ Kh7 1/2-1/2

[Event "Titled Tue 17th Jun Early"]
[Site "chess.com INT"]
[Date "2025.06.17"]
[Round "11"]
[White "Sahib, Singh"]
[Black "Yanev, Tihomir"]
[Result "1-0"]
[WhiteTitle "FM"]
[BlackTitle "IM"]
[WhiteElo "2407"]
[BlackElo "2354"]
[WhiteFideId "25618342"]
[BlackFideId "2910110"]
[EventDate "2025.06.17"]

1. e4 e5 2. Nc3 Nc6 3. Bc4 Nf6 4. d3 Na5 5. Nf3 Nxc4 6. dxc4 d6 7. O-O Be7 8. b3
O-O 9. h3 h6 10. Re1 Be6 11. Nh2 Nd7 12. Nf1 f5 13. exf5 Bxf5 14. Nd5 Nc5 15.
Ng3 Bh7 16. Ba3 b6 17. b4 Ne6 18. b5 Bf6 19. Ne4 Kh8 20. Nexf6 gxf6 21. Qh5 Kg7
22. Bc1 Ng5 23. h4 Bg6 24. Qg4 f5 25. Qg3 Ne4 26. Rxe4 fxe4 27. h5 Rf6 28. Nxf6
Qxf6 29. Qxg6+ Qxg6 30. hxg6 Kxg6 31. Bd2 a6 32. a4 axb5 33. cxb5 d5 34. a5 bxa5
35. Rxa5 Rb8 36. Ra6+ Kf5 37. Rc6 Rxb5 38. Bxh6 d4 39. Rxc7 d3 40. cxd3 exd3 41.
Rd7 Rb1+ 42. Kh2 e4 43. Be3 Kg4 44. Rf7 Rb4 45. Rf4+ Kh5 46. f3 Rb2 47. Rxe4 Re2
48. Bf4 d2 49. Rd4 Re1 50. Rxd2 1-0